Logo BPK

Biblioteka

Politechniki Koszalińskiej

Rola polimerów w kształtowaniu właściwości spoiw i kompozytów polimerowo-cementowych / (Rekord nr 55075)

Szczegóły MARC
000 -ETYKIETA REKORDU
podpole kontrolne o stałej długości 00962nam a2200265 i 4500
001 - NUMER KONTROLNY REKORDU
pole kontrolne bg
022 ## - MIĘDZYNARODOWY ZNORMALIZOWANY NUMER WYDAWNICTW CIĄGŁYCH - ISSN
ISSN 01372297
040 ## - ŹRÓDŁO KATALOGOWANIA
Instytucja, która utworzyła rekord BPK
041 0# - KOD JĘZYKA
Kod języka tekstu pol
Kod języka streszczenia lub abstraktu eng
044 ## - KOD KRAJU WYDAWCY/PRODUCENTA
Kod kraju wydawcy/producenta POL
080 ## - UNIWERSALNA KLASYFIKACJA DZIESIĘTNA - UKD
UKD 678.7:620.17
008 - POLE O STAŁEJ DŁUGOŚCI - DANE KONTROLNE
podpole kontrolne o stałej długości s pl f |000 0 pol
100 1# - NAZWA OSOBOWA
Nazwa osobowa Łukowski, Paweł.
245 0# - TYTUŁ/ODPOWIEDZIALNOŚĆ
Tytuł Rola polimerów w kształtowaniu właściwości spoiw i kompozytów polimerowo-cementowych /
Pozostałe elementy strefy tytułu i oznaczenia odpowiedzialności Paweł Łukowski.
260 ## - STREFA ADRESU WYDAWNICZEGO
Miejsce wydania Warszawa :
Nazwa wydawcy/dystrybutora Oficyna Wydawnicza Politechniki Warszawskiej,
Data publikacji, dystrybucji/powstania dokumentu 2008.
300 ## - STREFA OPISU FIZYCZNEGO
Objętość 159 s. :
Inne cechy fizyczne il. ;
Rozmiary 24 cm.
490 1# - STREFA SERII I DOKUMENTU WIELOCZĘŚCIOWEGO - FORMA NIE DO WYSZUKIWANIA
Tytuł i oznaczenie odpowiedzialności serii Prace Naukowe / Politechnika Warszawska. Budownictwo,
ISSN 0137-2297 ;
Numeracja w obrębie serii z. 148
500 ## - UWAGI OGÓLNE
Tekst uwagi Opis wg okł. Tyt. nagł. serii : Prace Naukowe Politechniki Warszawskiej.
504 ## - UWAGA DOTYCZĄCA BIBLIOGRAFII
Informacje o bibliografii Bibliogr. s. 138-155.
546 ## - UWAGA O JĘZYKU
Uwaga o języku Streszcz. ang.
650 #9 - HASŁO PRZEDMIOTOWE W FORMIE NAZWY OGÓLNEJ LUB JEDNOSTKOWEJ
Nazwa ogólna lub geograficzna Polimery
Określnik ogólny stosowanie
650 #9 - HASŁO PRZEDMIOTOWE W FORMIE NAZWY OGÓLNEJ LUB JEDNOSTKOWEJ
Nazwa ogólna lub geograficzna Kompozyty
Określnik ogólny mechanika
830 #0 - HASŁO DODATKOWE SERII LUB DOKUMENTU WIELOCZĘŚCIOWEGO - TYTUŁ UJEDNOLICONY
Tytuł ujednolicony Prace Naukowe - Politechnika Warszawska.
Nazwa części/sekcji dzieła Budownictwo,
-- 0137-2297 ;
Oznaczenie tomu z. 148
856 ## - LOKALIZACJA I DOSTĘP DO ELEKTRONICZNYCH DOKUMENTÓW ZDALNYCH
Link (URL) http://koha.tu.koszalin.pl/cgi-bin/koha/opac-detail.pl?biblionumber=55075
Tekst linku Katalog online BPK
942 ## - DODATKOWE ELEMENTY (KOHA)
Typ dokumentu Książka
Egzemplarze
Wycofany Status egzemplarza Uszkodzony Dostępność Lokalizacja stała Lokalizacja bieżąca Miejsce przechowywania Sygnatura Kod kreskowy Dział Typ dokumentu
      Tylko na miejscu Czytelnia Wydziału Elektroniki i Informatyki, Wydziału Architektury i Wzornictwa, Wydziału Inżynierii Mechanicznej i Energetyki oraz Wydziału Inżynierii Lądowej, Środowiska i Geodezji Czytelnia Wydziału Elektroniki i Informatyki, Wydziału Architektury i Wzornictwa, Wydziału Inżynierii Mechanicznej i Energetyki oraz Wydziału Inżynierii Lądowej, Środowiska i Geodezji Czytelnia Wydziałowa ul. Śniadeckich 2 87636 02427454 620.1/.3 Badanie materiałów. Materiałoznawstwo. Nanotechnologia Książka
© 2023 Biblioteka Politechniki Koszalińskiej :: KOHA